| 000 | 00336nam a22001457a 4500 | ||
|---|---|---|---|
| 020 | _qPB. | ||
| 040 | _cFIZZA ISHAQ | ||
| 082 |
_a005.2762 _bJIM |
||
| 100 |
_aFARLEY, JIM. _989089 |
||
| 245 |
_aJAVA DISTRIBUTED COMPUTING / _cJIM FARLEY. |
||
| 250 | _a1st ED. | ||
| 260 |
_bO'REILLY, _c1998. |
||
| 300 | _a368 P. ; | ||
| 942 |
_2ddc _cBK |
||
| 999 |
_c587930 _d587930 |
||